000 01062nam0a2200325 4500
001 RU\NLR\bibl\60822
005 20260405055715.0
010 _a5-227-00236-3
_98000
021 _aRU
_b99-38963
_91922
035 _a(NLR Aleph) 000059331
090 _a322361
_c322361
100 _a19991125d1999 |||y0rusy50 ca
101 1 _arus
_ceng
102 _aRU
105 _ao z |||||
200 1 _aПуть гладиатора
_e[Фантаст.] романы
_e[Пер. с англ.]
_fЭдвин Ч. Табб
210 _aМ.
_cЦентрполиграф
_d1999
215 _a455,[2] с.
_d21
225 1 _aКрестоносцы Космоса
327 1 _aСодерж.: Путь гладиатора; Калин
686 _aШ6(7США)67-445
700 1 _4070
_8rus
_7ca
_aТабб
_bЭ. Ч.
_f1919-2010
_gЭдвин Чарлз
_3RU\NLR\AUTH\7719184
_92257
801 0 _aRU
_bNLR
_c19991125
_gPSBO
801 1 _aRU
_bNLR
_c19991125
852 _aNLR
_j99-3/15071
942 _cBOOK
980 _aNB